Economics
Wedi'i Gadw mewn:
| Prif Awdur: | |
|---|---|
| Fformat: | Llyfr |
| Cyhoeddwyd: |
Cengage
|
| Tagiau: |
Dim Tagiau, Byddwch y cyntaf i dagio'r cofnod hwn!
|
MARC
| LEADER | 00000nam a2200000Ia 4500 | ||
|---|---|---|---|
| 005 | 20260515061615.0 | ||
| 100 | |a Mankiw, N. Gregory, | ||
| 020 | |a 9789355739254 | ||
| 942 | |c BK | ||
| 245 | |a Economics | ||
| 260 | |b Cengage | ||
| 999 | |c 35 |d 35 | ||
| 952 | |0 0 |1 0 |4 0 |7 0 |a ABDN |b ABDN |d 2026-05-15 |l 0 |p 000061 |r 2026-05-15 06:16:15 |w 2026-05-15 |y BK | ||